<?xml version="1.0" encoding="UTF-8"?>
<record
    xmlns:xsi="http://www.w3.org/2001/XMLSchema-instance"
    xsi:schemaLocation="http://www.loc.gov/MARC21/slim http://www.loc.gov/standards/marcxml/schema/MARC21slim.xsd"
    xmlns="http://www.loc.gov/MARC21/slim">

  <leader>01155nam a22001817a 4500</leader>
  <controlfield tag="008">120803t        xxu||||| |||| 00| 0 eng d</controlfield>
  <datafield tag="020" ind1=" " ind2=" ">
    <subfield code="a">0072193883</subfield>
  </datafield>
  <datafield tag="050" ind1=" " ind2=" ">
    <subfield code="a">QA76.9.D3B72</subfield>
  </datafield>
  <datafield tag="100" ind1=" " ind2=" ">
    <subfield code="a">Brown, Bradley D.</subfield>
  </datafield>
  <datafield tag="245" ind1=" " ind2=" ">
    <subfield code="a">Oracle 9i web development. /</subfield>
    <subfield code="c">Bradley D. Brown</subfield>
  </datafield>
  <datafield tag="260" ind1=" " ind2=" ">
    <subfield code="a">New York;</subfield>
    <subfield code="b">Mcgraw-hill,</subfield>
    <subfield code="c">2001.</subfield>
  </datafield>
  <datafield tag="300" ind1=" " ind2=" ">
    <subfield code="a">Lx,1119 p.:</subfield>
    <subfield code="b">ill.;</subfield>
    <subfield code="c">24cm.</subfield>
  </datafield>
  <datafield tag="505" ind1=" " ind2=" ">
    <subfield code="a">Contents: Getting prepared: Architecture -- Installation -- IAS configuration and tuning -- 24x7 uptime -- Disaster planning -- Core Concepts: HTML developement -- XML -- Wireless development -- OAS to IAS migration -- Built-in PL/SQL packages -- Security -- Modules: Java -- PL/SQL module - mod_plsql -- Oracle tools: Designer -- Oracle9iAS portal -- Oracle developer- forms and reports -- IFS-internet file system -- Web and database caching -- Oracle enterprise manager -- Ongoing Support: Troubleshooting -- Debugging your code -- Logging and site analysis -- Search engine ranking secrets -- Oracle text and ultra search -- Load and application testing </subfield>
  </datafield>
  <datafield tag="650" ind1=" " ind2=" ">
    <subfield code="a">Oracle (Computer file).</subfield>
  </datafield>
  <datafield tag="650" ind1=" " ind2=" ">
    <subfield code="a">Computer software.</subfield>
  </datafield>
  <datafield tag="650" ind1=" " ind2=" ">
    <subfield code="a">World Wide Web. </subfield>
  </datafield>
  <datafield tag="942" ind1=" " ind2=" ">
    <subfield code="2">lcc</subfield>
    <subfield code="c">BK</subfield>
  </datafield>
  <datafield tag="999" ind1=" " ind2=" ">
    <subfield code="c">1913</subfield>
    <subfield code="d">9413</subfield>
  </datafield>
  <datafield tag="952" ind1=" " ind2=" ">
    <subfield code="0">1</subfield>
    <subfield code="1">0</subfield>
    <subfield code="2">lcc</subfield>
    <subfield code="4">0</subfield>
    <subfield code="7">0</subfield>
    <subfield code="a">WIUC-1</subfield>
    <subfield code="b">WIUC-1</subfield>
    <subfield code="c">GEN</subfield>
    <subfield code="d">2012-08-03</subfield>
    <subfield code="l">0</subfield>
    <subfield code="o">QA76.9.D3B72</subfield>
    <subfield code="p">5355/12</subfield>
    <subfield code="r">2012-08-03 00:00:00</subfield>
    <subfield code="t">1</subfield>
    <subfield code="w">2012-08-03</subfield>
    <subfield code="y">BK</subfield>
  </datafield>
</record>
